000 00760nam a22002177a 4500
003 LK-CoDNM
005 20241118114034.0
008 241015b |||||||| |||| 00| 0 eng d
040 _aLK-CoDNM
_dLK-CoDNM
_eLK-CoDNM
041 _asin
080 _aප්‍ර.ශ
_b72
245 _aශ්‍රී සද්ධර්‍ම රසය -1926
_b2 කාණ්ඩය 9-12 කලාපය
260 _aකොළඹ
_bශ්‍රී භාරතී යන්ත්‍රාලය
_c1926
300 _b6p. ; 24 cm
650 _aශ්‍රී සද්ධර්‍ම රසය -1926
650 _a2 කාණ්ඩය 9-12 කලාපය
650 _aමාසික සගරාව
650 _aප්‍ර.ශ 72
650 _a1926
942 _cBK
999 _c230222
_d230222